LEADER 02356nam 2200553 a 450 001 9910454724103321 005 20200520144314.0 010 $a0-8173-8216-X 035 $a(CKB)1000000000774981 035 $a(EBL)454577 035 $a(OCoLC)614597879 035 $a(SSID)ssj0000143995 035 $a(PQKBManifestationID)11159043 035 $a(PQKBTitleCode)TC0000143995 035 $a(PQKBWorkID)10119262 035 $a(PQKB)10743679 035 $a(MiAaPQ)EBC454577 035 $a(Au-PeEL)EBL454577 035 $a(CaPaEBR)ebr10309823 035 $a(EXLCZ)991000000000774981 100 $a20060428d2007 ub 0 101 0 $aeng 135 $aur|n|---||||| 181 $ctxt 182 $cc 183 $acr 200 10$aEdith Wharton and the visual arts$b[electronic resource] /$fEmily J. Orlando 210 $aTuscaloosa $cUniversity of Alabama Press$dc2007 215 $a1 online resource (265 p.) 225 1 $aStudies in American literary realism and naturalism 300 $aDescription based upon print version of record. 311 $a0-8173-1537-3 320 $aIncludes bibliographical references (p. [229]-239) and index. 327 $aContents; List of Illustrations; Acknowledgments; Introduction: Women, Art, and the Sexual Politics of (Mis)representation in Edith Wharton; 1. Beauty Enshrined: Living Pictures and Still Lifes; or, Her Body Becomes His Art; 2. Picturing Lily: Body Art in The House of Mirth and "The Potboiler"; or, Her Body Becomes Her Art; 3. "Beauty Enthroned": The Muse's Progress; 4. Angels at the Grave: Custodial Work in the Palace of Art; 5. "We'll look, not at visions, but at realities": Women, Art, and Representation in The Age of Innocence; Notes; Works Consulted; Index 410 0$aStudies in American literary realism and naturalism. 606 $aArt and literature$zUnited States$xHistory$y20th century 606 $aVisual perception in literature 608 $aElectronic books. 615 0$aArt and literature$xHistory 615 0$aVisual perception in literature. 676 $a813/.52 700 $aOrlando$b Emily J$g(Emily Josephine),$f1969-$01028580 801 0$bMiAaPQ 801 1$bMiAaPQ 801 2$bMiAaPQ 906 $aBOOK 912 $a9910454724103321 996 $aEdith Wharton and the visual arts$92490799 997 $aUNINA LEADER 03365nam 22005052 450 001 996248242703316 005 20160415142633.0 010 $a0-511-61353-9 035 $a(CKB)2610000000002728 035 $a(MH)008893382-2 035 $a(SSID)ssj0000459896 035 $a(PQKBManifestationID)11298750 035 $a(PQKBTitleCode)TC0000459896 035 $a(PQKBWorkID)10472640 035 $a(PQKB)11473807 035 $a(UkCbUP)CR9780511613531 035 $a(MiAaPQ)EBC4637651 035 $a(EXLCZ)992610000000002728 100 $a20141103d2002|||| uy| 0 101 0 $aeng 135 $aur||||||||||| 181 $ctxt$2rdacontent 182 $cc$2rdamedia 183 $acr$2rdacarrier 200 10$aGorbachev and Yeltsin as leaders /$fGeorge W. Breslauer$b[electronic resource] 210 1$aCambridge :$cCambridge University Press,$d2002. 215 $a1 online resource (xv, 331 pages) $cdigital, PDF file(s) 300 $aTitle from publisher's bibliographic system (viewed on 05 Oct 2015). 311 $a0-521-89244-9 311 $a0-521-81486-3 320 $aIncludes bibliographical references and index. 327 $aPreface -- Leadership strategies in Soviet and post-Soviet politics -- Gorbachev and Yeltsin : personalities and beliefs -- Rise of Gorbachev -- Gorbachev ascendant -- Gorbachev on the political defensive -- Yeltsin versus Gorbachev -- Yeltsin ascendant -- Yeltsin on the political defensive -- Yeltsin lashes out : the invasion of Chechnya (December 1994) -- Yeltsin's many last hurrahs -- Explaining leaders' choices, 1985-1999 -- Criteria for the evaluation of transformational leaders -- Evaluating Gorbachev as leader -- Evaluating Yeltsin as leader. 330 $aGorbachev and Yeltsin as Leaders examines the strategies employed by Mikhail Gorbachev and Boris Yeltsin to build leadership authority. Political leaders often use a combination of coercion, material reward, and persuasion, but Professor Breslauer focuses on the power of ideas, as leaders use them to mobilize support and to craft an image as effective problem solvers, indispensable consensus builders, and symbols of national unity. In Khrushchev and Brezhnev as Leaders: Building Authority in Soviet Politics (1982), he documented Khrushchev's and Brezhnev's domestic policy strategies; this book handles domestic and foreign policies. All chapters compare Gorbachev and Yeltsin and Khrushchev and Brezhnev, mostly analyzing the changes in policy, the strategies, and the political dilemmas that are common to all four administrations. The book discusses the ways in which authority building was affected by political constraints unique to each of the stages. 517 3 $aGorbachev & Yeltsin as Leaders 607 $aSoviet Union$xPolitics and government$y1985-1991 607 $aRussia (Federation)$xPolitics and government$y1991- 676 $a947.085/4 700 $aBreslauer$b George W.$0483622 801 0$bUkCbUP 801 1$bUkCbUP 906 $aBOOK 912 $a996248242703316 996 $aGorbachev and Yeltsin as leaders$9267802 997 $aUNISA 999 $aThis Record contains information from the Harvard Library Bibliographic Dataset, which is provided by the Harvard Library under its Bibliographic Dataset Use Terms and includes data made available by, among others the Library of Congress LEADER 01774oam 2200445 450 001 9910716624803321 005 20210831161501.0 035 $a(CKB)5470000002523920 035 $a(OCoLC)1261264313 035 $a(EXLCZ)995470000002523920 100 $a20210722d2021 ua 0 101 0 $aeng 135 $aur||||||||||| 181 $ctxt$2rdacontent 182 $cc$2rdamedia 183 $acr$2rdacarrier 200 10$aEquity in transportation infrastructure $econnecting communities, removing barriers, and repairing networks across America : hearing before the Subcommittee on Transportation and Infrastructure of the Committee on Environment and Public Works, United States Senate, One Hundred Seventeenth Congress, first session, May 11, 2021 210 1$aWashington :$cU.S. Government Publishing Office,$d2021. 215 $a1 online resource (iii, 59 pages) $ccolor illustration, color map 225 1 $aS. hrg. ;$v117-31 320 $aIncludes bibliographical references. 517 $aEquity in transportation infrastructure 606 $aTransportation$xSocial aspects$zUnited States 606 $aInfrastructure (Economics)$xSocial aspects$zUnited States 606 $aTransportation$xPlanning 606 $aTransportation$xFinance 606 $aPoor$xTransportation$zUnited States 608 $aLegislative hearings.$2lcgft 615 0$aTransportation$xSocial aspects 615 0$aInfrastructure (Economics)$xSocial aspects 615 0$aTransportation$xPlanning. 615 0$aTransportation$xFinance. 615 0$aPoor$xTransportation 801 0$bGPO 801 1$bGPO 801 2$bGPO 906 $aBOOK 912 $a9910716624803321 996 $aEquity in transportation infrastructure$93513060 997 $aUNINA